BSOP header

32堂聖經人物的生命課程 : (Record no. 40417)

MARC details
000 -LEADER
fixed length control field 01270nam a2200349Ia 4500
001 - CONTROL NUMBER
control field ocn732147150
003 - CONTROL NUMBER IDENTIFIER
control field OCoLC
005 - DATE AND TIME OF LATEST TRANSACTION
control field 20170217153737.0
008 - FIXED-LENGTH DATA ELEMENTS--GENERAL INFORMATION
fixed length control field 110621s2010 ch 000 0 chi d
040 ## - CATALOGING SOURCE
Original cataloging agency LGV
Transcribing agency LGV
020 ## - INTERNATIONAL STANDARD BOOK NUMBER
International Standard Book Number 9789868531741
020 ## - INTERNATIONAL STANDARD BOOK NUMBER
International Standard Book Number 9868531748
035 ## - SYSTEM CONTROL NUMBER
System control number (OCoLC)732147150
041 1# - LANGUAGE CODE
Language code of text/sound track or separate title chi
Language code of original and/or intermediate translations of text ger
050 #4 - LIBRARY OF CONGRESS CALL NUMBER
Classification number BS571
Item number .G7812 2010
049 ## - LOCAL HOLDINGS (OCLC)
Holding library LGVC
100 1# - MAIN ENTRY--PERSONAL NAME
Personal name Grün, Anselm.
240 10 - UNIFORM TITLE
Uniform title <a href="Königin und wilde Frau.">Königin und wilde Frau.</a>
Language of a work Chinese
245 10 - TITLE STATEMENT
Title 32堂聖經人物的生命課程 :
Remainder of title 尊貴與奔放的女性 : 活出原來的妳! = Königin und wilde Frau.
Number of part/section of a work 上冊 /
Statement of responsibility, etc 古倫神父 = Anselm Grüm, 琳達·雅諾許= Linda Jarosch 合著; 鄭玉英譯.
246 30 - VARYING FORM OF TITLE
Title proper/short title 尊貴與奔放的女性 : 活出原來的妳
250 ## - EDITION STATEMENT
Edition statement 初版.
260 ## - PUBLICATION, DISTRIBUTION, ETC. (IMPRINT)
Place of publication, distribution, etc 台北市 :
Name of publisher, distributor, etc 南與北文化出版社,
Date of publication, distribution, etc 2010.
300 ## - PHYSICAL DESCRIPTION
Extent 221 p. ;
Dimensions 22 cm.
490 0# - SERIES STATEMENT
Series statement 古倫叢書 ;
Volume number/sequential designation AG009
500 ## - GENERAL NOTE
General note Translation of : Königin und wilde Frau : lebe, was du bist! / Anselm Grün ; Linda Jarosch ; Münsterschwarzach : Vier-Türme-Verl., 2005.
650 #0 - SUBJECT ADDED ENTRY--TOPICAL TERM
Topical term or geographic name as entry element Women in the Bible.
650 #0 - SUBJECT ADDED ENTRY--TOPICAL TERM
Topical term or geographic name as entry element Femininity.
650 #0 - SUBJECT ADDED ENTRY--TOPICAL TERM
Topical term or geographic name as entry element Femininity
General subdivision Religious aspects
-- Christianity.
700 1# - ADDED ENTRY--PERSONAL NAME
Personal name Jarosch, Linda,
Dates associated with a name 1947-
700 1# - ADDED ENTRY--PERSONAL NAME
Personal name 鄭玉英.
942 ## - ADDED ENTRY ELEMENTS (KOHA)
Source of classification or shelving scheme Library of Congress Classification
Item type

No items available.

BSOP

Biblical Seminary of the Philippines
  All rights Reserved
  © 2024

CONTACT INFORMATION

Biblical Seminary of the Philippines,
  77-B Karuhatan Road, Valenzuela City,
  PHILIPPINES 1441
  Phone: +632 8292-6795 / 8292-6798
  Fax : +632 8292-6675
  Email: library@bsop.edu.ph